000 02153cam a2200409ui 4500
999 _c200435094
_d53306
001 200435094
003 TR-AnTOB
005 20240917112309.0
007 ta
008 190201s2019 tu tur d
020 _a9789752485297
040 _aTR-IsYBT
_beng
_erda
_cTR-AnTOB
_dTR-AnTOB
041 0 _atur
_aeng
_aara
050 4 _aNK3639 .T9
_bG45 2018
090 _aNK3639 .T9
_bG45 2018
111 2 _aGeleceğin Ustaları Geleneksel Sanatlar Yarışması
_n(6. :
_d2018 :
_cİstanbul)
_9125378
245 1 0 _aGeleceğin ustaları 6 :
_bGeleneksel sanatlar tasarım yarışması 2018 =
_bMaster of the future 6 :
_bTraditional art design contest 2018 /
_ckoordinasyon Erdem Zekeriya İskenderoğlu, Nurullah Yaldız ; editor: Doç. Dr. Süleyman Berk ; iletişim Burcu Kayaoğlu ; sergi tasarımı Doç. Dr. Süleyman Berk, Burcu Kayaoğlu ; tasarım fotoğraflar: İsmail Küçük.
264 1 _aİstanbul ;
_bZeytinburnu Belediyesi,
_c2019.
300 _a148, [1] pages ;
_c28 cm
336 _atext
_btxt
_2rdacontent
337 _aunmediated
_bn
_2rdamedia
338 _avolume
_bnc
_2rdacarrier
500 _aHüsn-i Hat, tezhip, cilt, minyatür, ebru, çini sanatları.
_xEser içerisindeki metinler Türkçe, Arapça ve İngilizce olarak 3 dilde verilmiştir.
500 _aBu yayın 2019 yılında altıncısı düzenlenen "Geleceğin Ustaları Geleneksel Sanatlar Yarışması"nın sergi kataloğudur.
500 _aThis publication is the excibition catalog of the "Masters of the Future Traditional Art Design Contest" the sixth of which was held in 2019.
650 7 _aHat sanatı
_zTürkiye
_vSergiler
_2etuturkob
_9119124
650 7 _aMinyatür resim, Türk
_vSergiler
_2etuturkob
_96392
650 7 _aTezhip, Kitaplar ve el yazmalarının, Türk
_2etuturkob
_9122273
650 7 _aDekoratif sanatlar
_zTürkiye
_vKataloglar
_981272
700 1 _aBerk, Süleyman
_eeditor
_ecurator
_9101329
700 1 _aİskenderoğlu, Erdem Zekeriya
_9123315
700 1 _aYaldız, Nurullah
_9123318
700 1 _aKüçük, İsmail
_9123929
700 1 _aKayaoğlu, Burcu
_eCurator
_9125382
942 _2lcc
_cBK